Banking and Insurance (Record no. 13701)

MARC details
000 -LEADER
fixed length control field 00432nam a22001697a 4500
003 - CONTROL NUMBER IDENTIFIER
control field OSt
008 - FIXED-LENGTH DATA ELEMENTS--GENERAL INFORMATION
fixed length control field 250818b |||||||| |||| 00| 0 eng d
020 ## - INTERNATIONAL STANDARD BOOK NUMBER
International Standard Book Number 9789357056137
082 ## - DEWEY DECIMAL CLASSIFICATION NUMBER
Classification number 332.1 RAB
100 ## - MAIN ENTRY--PERSONAL NAME
Personal name RAY, Saptarshi and NAYAK, Sayanee
245 ## - TITLE STATEMENT
Title Banking and Insurance
250 ## - EDITION STATEMENT
Edition statement 1st. ed.,
260 ## - PUBLICATION, DISTRIBUTION, ETC. (IMPRINT)
Place of publication, distribution, etc Noida,
Name of publisher, distributor, etc Pearson Education India Pvt. Ltd.,
Date of publication, distribution, etc 2024,
300 ## - PHYSICAL DESCRIPTION
Extent 172 p.
650 ## - SUBJECT ADDED ENTRY--TOPICAL TERM
Topical term or geographic name as entry element Commerce
942 ## - ADDED ENTRY ELEMENTS (KOHA)
Source of classification or shelving scheme Dewey Decimal Classification
Koha item type Text Books
Holdings
Withdrawn status Lost status Source of classification or shelving scheme Damaged status Not for loan Collection code Home library Current library Date acquired Source of acquisition Cost, normal purchase price Bill Number Total Checkouts Full call number Acc. no. / Barcode Date last seen Actual Cost, discounted price Bill Date Koha item type Date last borrowed
    Dewey Decimal Classification     B.Com. Hons PIET NCR College Library PIET NCR College Library 11/08/2025 Zafaa Books and Distributers 370.00 ZBD0210   332.1 RAB N4230 18/08/2025 259.00 11/08/2025 Reference Books  
    Dewey Decimal Classification     B.Com. Hons PIET NCR College Library PIET NCR College Library 11/08/2025 Zafaa Books and Distributers 370.00 ZBD0210 3 332.1 RAB N4231 11/12/2025 259.00 11/08/2025 Text Books 19/11/2025

Design & Developed by: PIET Central Library
R70 Miles Stone Pattikalyana Samalkha Panipat 132102
mail ID :- [email protected], Phone No:- 0180-2569700 Ex.216